| 000 | 01059nam a2200265Ia 4500 | ||
|---|---|---|---|
| 003 | OSt | ||
| 005 | 20220923222037.0 | ||
| 006 | a|||||r|||| 00| 0 | ||
| 007 | ta | ||
| 008 | tel | ||
| 024 | _a202,694 | ||
| 037 | _cTextual | ||
| 040 |
_aARTS _cARTS _btel |
||
| 041 |
_2tel _atel |
||
| 082 | _aO35,1KRAw, 152N0 | ||
| 100 |
_aराव, बी रजनीकांत; सिन्हा, नरेन्द्र; राव, बी रजनीकांत, अनु. _9165764 |
||
| 245 | 0 | _aरामदासु | |
| 246 | _aRāmadāsu | ||
| 260 |
_aनई दिल्ली _b साहिॅत्य अकादमी _c1990 |
||
| 300 |
_a80पृ0 _ccm. |
||
| 490 | _aभारतीय साहित्य के निर्माता | ||
| 650 |
_aतेलुगु साहित्य _9156264 |
||
| 942 |
_hO35,1KRAw, 152N0 _cTEXL _2CC |
||
| 999 |
_c353518 _d353518 |
||